000 00445nam a2200181Ia 4500
008 100917s9999 xx 000 0 und d
082 _b5270
100 _aकेळकर वा. बा.
245 _aत्राटिका
260 _b---
_c1956
300 _a125
365 _b0
520 _aनाटक
630 _aत्राटिका
650 _aनाटक
730 _aत्राटिका
942 _cBOOK
999 _c610664
_d610661